000 00905nam a22002777a 4500
001 9662
003 FISKH
005 20260424113613.0
008 260128b cb ||||| |||| 00| 0 eng d
020 _a9780462001272
040 _aFISKH
_beng
_cFISKH
_dFISKH
050 _aPZ7
082 _a551.58
100 _aWard, Nicole
_eAuthor
245 _aSeasons in the Serengeti /
_cWritten by Nicole Ward
260 _aSingapore :
_bMarshall Cavendish ,
_c2008
300 _a16 pages :
_bphotographs ;
_c19 cm
490 _aMy pals are here! :
_v16a
505 _aJ
520 _aThe Serengeti National Park is in Africa. A lot of animals live in the park. The seasons have an effect on the animals. They affect how they eat. They affect where they live.
521 8 _a500
_bLexile estimate
521 8 _aJ
_bRaz-Plus
650 _aSeasons
_vVocabulary
942 _2ddc
_cBK
_n0
999 _c9662
_d9662